000
003200000a22001450004500
001
005126
003
MACL
040
_a
MACL
090
_c
17119
_d
17118
245
_a
Gohar e Adab
_b
Siddiqi Mohd Vaki
260
_a
Asrar Kareemi Press All' Bad,
_c
1941
350
_a
0.70
650
_a
Urdu Literature
942
_k
891
_c
Book
999
_c
17009
_d
17009